00290nam a22000977a 4500082001200000100002400012245005900036260004100095650002400136700003200160 a200 THE aAsad Hasnain Bukhar aTH-SOF-1067-Automated Sentiment Analysis of Microblogs aISLAMABADbNUST COLLEGE OF EMEc2014 a MS-CSE-12 MSTHESIS aSUPERVISOR Dr. Usman Qamar